00505 2200205 4500001002100000005001500021035002000036007000300056008004100059020001500100082001000115084001600125100001600141245003500157250001100192260003800203300003700241650001100278990001000289INLIS00000000000759720220428095250 a0010-0321000967ta220428 g 0 ind  a9798031199 a634.4 a634.4 IR. b0 aIr. Pracaya1 aBertanam Mangga /cIr. Pracaya acet.22 aJakarta :bPenebar Swadaya,c2006 aviii, 152 hlm. ;c14.5 x 20.7 cm 4amangga a13569